O Platonovi. Díl čtvrtý, Druhý život /

Hlavní autor: Novotný, František, 1881-1964
Jazyk: Čeština
Vydáno: Praha : Nová Akropolis, 2016
Vydání: Vydání druhé - přetisk
Edice: Simo - draci moudrosti
Témata:
Fyzický popis: 947 stran ; 25 cm
Knihy
Uloženo v:
LEADER 02343nam a2200613 i 4500
001 nkc20172883748
003 CZ PrNK
005 20180604172354.0
007 ta
008 170302s2016 xr f 001 0 cze
015 |a cnb002883748 
020 |a 978-80-86038-77-3  |q (vázáno) :  |c Kč 470,00 
035 |a (OCoLC)989936667 
040 |a BOA001  |b cze  |d ABA001  |e rda 
045 |a d5d6  |a d6x- 
072 7 |a 14(3)  |x Antická, starověká filozofie  |2 Konspekt  |9 5 
080 |a 14(38)  |2 MRF 
080 |a 141.131  |2 MRF 
080 |a 141  |2 MRF 
080 |a 7.03  |2 MRF 
080 |a (048.8)  |2 MRF 
080 |a (0.045)  |2 MRF 
100 1 |a Novotný, František,  |d 1881-1964  |7 jk01090667  |4 aut 
245 1 0 |a O Platonovi.  |n Díl čtvrtý,  |p Druhý život /  |c František Novotný 
246 3 0 |a Druhý život 
246 1 8 |a O Platonovi IV 
250 |a Vydání druhé - přetisk 
264 1 |a Praha :  |b Nová Akropolis,  |c 2016 
300 |a 947 stran ;  |c 25 cm 
336 |a text  |b txt  |2 rdacontent 
337 |a bez média  |b n  |2 rdamedia 
338 |a svazek  |b nc  |2 rdacarrier 
490 1 |a Simo - draci moudrosti ;  |v svazek 5 
504 |a Obsahuje bibliografické odkazy a rejstříky 
580 |a Reprint prvního vydání z roku 1970 
600 0 7 |a Platón,  |d 427 př. Kr.-347 př. Kr.  |7 jn19981001996  |2 czenas 
648 7 |a 5.-4. století př. Kr.  |7 ch920751  |2 czenas 
648 7 |a 4. století př. Kr.-20. století po Kr.  |7 ch460536  |2 czenas 
650 0 7 |a řecká antická filozofie  |7 ph128248  |y 5.-4. století př. Kr.  |2 czenas 
650 0 7 |a platonismus  |7 ph124111  |y 4. století př. Kr.-20. století po Kr.  |2 czenas 
650 0 7 |a filozofické směry  |7 ph158314  |y 4. století př. Kr.-20. století po Kr.  |2 czenas 
650 0 9 |a Greek philosophy (ancient)  |y 5th-4th centuries B.C.  |2 eczenas 
650 0 9 |a platonism  |y 4th century B.C.-20th century A.C.  |2 eczenas 
650 0 9 |a philosophical movements  |y 4th century B.C.-20th century A.C.  |2 eczenas 
655 7 |a monografie  |7 fd132842  |2 czenas 
655 7 |a reprinty  |7 fd133253  |2 czenas 
655 9 |a monographs  |2 eczenas 
655 9 |a reprints  |2 eczenas 
830 0 |a Simo - draci moudrosti  |0 s 
910 2 |a BOA001  |b 2-1324.705,4 
990 |a BK 
995 |a 01 
991 |b 201703  |c NOV 
996 6 |b 2610700014  |c 2-1324.705,4  |l MZK  |r Sklad / do 1 hodiny  |n 0  |p p.v.  |w 001602090  |u 000010  |a 1  |e BOA001  |j MZK50  |s P